翻轉醫院評鑑-以病人為焦點之查證方式 (Record no. 6724)

MARC details
000 -記錄標示
fixed length control field 00366nam a2200109Ia 4500
003 - 控制號標識
控制識別號 yeezen
005 - 最後更新時間
control field 20250916134944.0
008 - 定長欄資料代碼
fixed length control field 180222s9999||||xx |||||||||||||| ||und||
110 ## - 主要款目--團體名稱
團體名稱或轄區名稱 財團法人醫院評鑑暨醫療品質策進會
245 #0 - 題名及著者敘述項
著者敍述 財團法人醫院評鑑暨醫療品質策進會
正題名 翻轉醫院評鑑-以病人為焦點之查證方式
942 ## - 附加款目元素 (KOHA)
分類法來源 中文圖書分類法
Koha 館藏類型 長期借閱書籍
Holdings
撤銷狀態 遺失狀態 分類號來源 損壞狀態 不外借 永久館藏地 現在館藏地 書架位置 採購日期 全部借出 全部續借 完整索書號 條碼號 還書日 最後一次日期記錄 Date last checked out 複本號 一般價格有效日期 Koha館藏類型
未註銷館藏 未遺失 中文圖書分類法 未損毀 可外借 怡仁綜合醫院圖書館 怡仁綜合醫院圖書館 加護病房 2018-02-22 8 4 419.2 6463 C02337 2026-06-30 2026-01-02 2026-01-02 c.9 2018-02-22 長期借閱書籍
怡仁醫院| 地址:32643桃園市楊梅區楊新北路321巷30號 | 服務專線:03-4855566 | 電子郵件信箱:
Copyright © 1996 CHC Hospital